| 000 | 01691nam2a22002651 4500 | ||
|---|---|---|---|
| 001 | rc\4727108 | ||
| 005 | 20250612163551.0 | ||
| 021 |
_aRU _b[62-88087] |
||
| 035 | _a(NLR Aleph) 008731592 | ||
| 090 |
_a9479946 _c9479946 |
||
| 100 | _a20130416d1962 |||y0rusy50 ca | ||
| 101 | 0 | _arus | |
| 102 | _aRU | ||
| 105 | _aa z ||||| | ||
| 200 | 0 | _aСб. 3 | |
| 210 |
_d1962 _aБ. м. |
||
| 215 |
_a90 с. _cчерт. _d20 |
||
| 300 | _aНа обл. ошибочно: Материалы семинара | ||
| 320 | _aБиблиогр. в конце докладов | ||
| 461 | 0 |
_1001rc\4727105 _12001#$aМатериалы конференции "Пайка металлов в производстве и перспективы ее развития"$eСб. 1-$fМоск. гор. отд-ние О-ва по распространению полит. и науч. знаний РСФСР. Моск. дом науч.-техн. пропаганды им. Ф.Э. Дзержинского$vСб. 3 _99479930 _a"Пайка металлов в производстве и перспективы ее развития", конференция (1962 ; Москва) _cМосква _d1962 _fМоск. гор. отд-ние О-ва по распространению полит. и науч. знаний РСФСР. Моск. дом науч.-техн. пропаганды им. Ф.Э. Дзержинского _nБ. и. _oСб. 1- _tМатериалы конференции "Пайка металлов в производстве и перспективы ее развития" _vСб. 3 |
|
| 801 | 0 |
_aRU _bNLR _gpsbo |
|
| 801 | 1 |
_aRU _bELAR _2rusmarc |
|
| 852 |
_aNLR _j62-4/17953 |
||
| 942 | _cBOOK | ||
| 980 | _aNB | ||